Electrum studia z historii starożytnej /
| Autor Corporativo: | |
|---|---|
| Formato: | Electrónico Seriadas |
| Lenguaje: | inglés francés alemán italiano |
| Publicado: |
Kraków :
Jagiellonian University Press,
©1997-
|
| Materias: | |
| Acceso en línea: | Full text available from Research Library: 01/01/2010 to present |
MARC
| LEADER | 00000nas a2200000 a 4500 | ||
|---|---|---|---|
| 001 | ssj0000569558 | ||
| 003 | WaSeSS | ||
| 005 | 20200512172242.0 | ||
| 006 | m d | ||
| 007 | cr n | ||
| 008 | 981116c19979999pl uu m s 0 0eng | ||
| 010 | |a 98656765 |z 99225464 |z 00386801 |z 2004442254 | ||
| 022 | |l 1897-3426 |y 1897-3426 | ||
| 035 | |a (WaSeSS)ssj0000569558 | ||
| 040 | |a DLC |b eng |c DLC |d SYS |d OCLCQ |d DLC |d HLS |d OCLCQ |d OCLCF |d OCLCO |d OCLCQ |d WaSeSS | ||
| 041 | 0 | |a eng |a fre |a ger |a ita | |
| 042 | |a pcc | ||
| 050 | 0 | 0 | |a D51 |b .E45 |
| 082 | 0 | 0 | |a 930/.05 |2 21 |
| 130 | 0 | |a Electrum (Uniwersytet Jagielloński. Instytut Historii) | |
| 245 | 1 | 0 | |a Electrum |h [electronic resource] : |b studia z historii starożytnej / |c Uniwersytet Jagielloński, Instytut Historii. |
| 260 | |a Kraków : |b Jagiellonian University Press, |c ©1997- | ||
| 362 | 0 | |a Vol. 1- | |
| 506 | |a License restrictions may limit access. | ||
| 546 | |a Text in English, French, German, or Italian. | ||
| 650 | 0 | |a History, Ancient. | |
| 650 | 7 | |a History, Ancient. |2 fast |0 (OCoLC)fst00958352 | |
| 655 | 0 | |a Electronic journals. | |
| 710 | 2 | |a Uniwersytet Jagielloński. |b Instytut Historii. | |
| 850 | |a DLC | ||
| 853 | 0 | 0 | |8 1 |a v. |i (year) |
| 856 | 4 | 0 | |z Full text available from Research Library: 01/01/2010 to present |u https://search.proquest.com/publication/1356361 |
| 863 | 4 | 0 | |8 1 |a <1>- |i <1997>- |x provisional |